| 000 | 00731nam a2200241Ia 4500 | ||
|---|---|---|---|
| 003 | OSt | ||
| 005 | 20221005073014.0 | ||
| 006 | a|||||r|||| 00| 0 | ||
| 007 | ta | ||
| 008 | 221004b |||||||| |||| 00| 0 eng d | ||
| 024 | _a14656 | ||
| 037 | _cTextual | ||
| 040 |
_aCRL _cCRL _beng |
||
| 041 |
_2eng _aeng |
||
| 082 | _aX:3M2xM69:g, M8 | ||
| 100 | _aIyer Raghavan | ||
| 245 | 0 |
_aGandhian bridge between Heaven and Earth _b Non-violent socialism, global trusteeship and radical self-regeneration |
|
| 260 |
_aNew Delhi _bGandhi Smriti and Darshan Samiti India _c1988 |
||
| 300 |
_a53p. ` _ccm. |
||
| 650 | _aECONOMICS | ||
| 942 |
_hX:3M2xM69:g, M8 _cTEXL _2cc |
||
| 999 |
_c980399 _d980399 |
||